000 00550nam a2200193Ia 4500
008 131103s9999 xx 000 0 und d
020 _cRs.75.00
040 _aLoreto College
041 _aEnglish
082 _a370.954/BAN
_bLCBED/11182
100 _aBanerjee,Jyoti Prasad
245 _aEducation in India
_b Past present future
_cJyoti Prasad Banerjee
260 _aCalcutta
_bCentral Library
_c1989
300 _aV.1
_b ill.
_c 22cm.
650 _aEducation-India
651 _aIndia - Education
850 _aLCBED/370.954/BAN
942 _cBK
999 _c25820
_d76299